[Event "Recife"]
[Site "Recife"]
[Date "2013.08.20"]
[Round "8"]
[White "De Souza, Rafael Cabral"]
[Black "Pingas, Blas Mariano"]
[Result "0-1"]
[WhiteElo "2144"]
[BlackElo "2259"]
[PlyCount "86"]
[EventDate "2013.08.15"]
[EventType "tourn"]
[EventRounds "9"]
[EventCountry "BRA"]
[EventCategory "1"]
[SourceTitle "CBM 156 Extra"]
[Source "ChessBase"]
[SourceDate "2013.10.22"]
[SourceVersion "1"]
[SourceVersionDate "2013.10.22"]
[SourceQuality "1"]

1. e4 e5 2. Nf3 Nc6 3. Bc4 Be7 4. d4 d6 5. d5 Nb8 6. Bd3 Nf6 7. c4 0-0 8. Nc3 Na6 9. Bc2 c6 10. 0-0 cxd5 11. cxd5 Bd7 12. Nxe5 dxe5 13. d6 Bg4 14. dxe7 Qxe7 15. Nd5 Nxd5 16. Qxg4 Ndb4 17. Bb3 Nc5 18. Bg5 Qd6 19. Bc4 Kh8 20. Rad1 Qg6 21. Qh4 f6 22. Bd2 Nc6 23. f3 Nd4 24. Be3 Rfd8 25. Qf2 Nce6 26. Bxe6 Nxe6 27. Rxd8+ Nxd8 28. Bxa7 Nc6 29. Bc5 Rxa2 30. Ba3 Nd4 31. Qe1 h6 32. Kh1 Kh7 33. f4 Qg4 34. h3 Qe2 35. fxe5 fxe5 36. Qxe2 Nxe2 37. Rf7 h5 38. h4 b5 39. Rb7 Ng3+ 40. Kh2 Nf1+ 41. Kh3 Ra1 42. Rxb5 Re1 43. g3 Re2 0-1

[Event "Sao Paulo Braga Memorial 2nd"]
[Site "Sao Paulo"]
[Date "2013.07.09"]
[Round "5"]
[White "De Souza, Rafael Cabral"]
[Black "Ribeiro, Allysson"]
[Result "1-0"]
[WhiteElo "2144"]
[BlackElo "1874"]
[PlyCount "85"]
[EventDate "2013.07.05"]
[EventType "swiss"]
[EventRounds "9"]
[EventCountry "BRA"]
[SourceTitle "CBM 155 Extra"]
[Source "ChessBase"]
[SourceDate "2013.08.26"]
[SourceVersion "1"]
[SourceVersionDate "2013.08.26"]
[SourceQuality "1"]

1. e4 e6 2. d4 d5 3. Nc3 Bb4 4. e5 c5 5. Bd2 cxd4 6. Nb5 Be7 7. Qg4 g6 8. Nf3 h5 9. Qf4 a6 10. Nbxd4 Nh6 11. Bd3 Nc6 12. h4 Nxd4 13. Nxd4 Bd7 14. 0-0-0 Qb6 15. a4 Nf5 16. Bxf5 gxf5 17. a5 Qc7 18. Nxf5 Rc8 19. Nd4 Rg8 20. f3 Ba4 21. Bc3 b5 22. axb6 Qxb6 23. g4 Rc4 24. Rd3 Bb5 25. b3 Rc8 26. Nxb5 Qxb5 27. Kb2 hxg4 28. fxg4 Rc4 29. Rd4 Ba3+ 30. Kxa3 Rxc3 31. Kb2 Qc6 32. Rh2 Rf3 33. Qd2 Qc7 34. Ka2 Rf1 35. Qe2 Ra1+ 36. Kxa1 Qc3+ 37. Ka2 Qxd4 38. g5 Qf4 39. Rh3 Ke7 40. Qe3 Qf5 41. Qc5+ Ke8 42. Rc3 f6 43. Qc8+ 1-0

[Event "Sao Paulo Braga Memorial 2nd"]
[Site "Sao Paulo"]
[Date "2013.07.07"]
[Round "3"]
[White "De Souza, Rafael Cabral"]
[Black "Carstens Dobuchak, Thiago"]
[Result "0-1"]
[WhiteElo "2144"]
[BlackElo "1835"]
[PlyCount "64"]
[EventDate "2013.07.05"]
[EventType "swiss"]
[EventRounds "9"]
[EventCountry "BRA"]
[SourceTitle "CBM 155 Extra"]
[Source "ChessBase"]
[SourceDate "2013.08.26"]
[SourceVersion "1"]
[SourceVersionDate "2013.08.26"]
[SourceQuality "1"]

1. e4 d5 2. exd5 Nf6 3. d4 Nxd5 4. c4 Nb6 5. Nf3 g6 6. Be2 Bg7 7. 0-0 0-0 8. Nc3 Nc6 9. Be3 Bg4 10. c5 Bxf3 11. Bxf3 Nc4 12. Qb3 N6a5 13. Qb4 Rb8 14. Bd5 Nxe3 15. fxe3 b6 16. Qa4 Bh6 17. Rae1 e6 18. Bf3 Qe7 19. c6 a6 20. Kh1 Rbd8 21. Nd1 Rd6 22. Re2 Rd5 23. Bxd5 exd5 24. Nf2 Qe6 25. Rc1 Nc4 26. b3 Nxe3 27. Nd1 Qg4 28. Rxe3 Bxe3 29. Nxe3 Qf4 30. Rd1 Qxe3 31. Qxa6 Re8 32. Qa4 Qe1+ 0-1

[Event "Recife Arraes Memorial 6th"]
[Site "Recife"]
[Date "2013.06.06"]
[Round "1"]
[White "De Souza, Rafael Cabral"]
[Black "Elihimas, Frederico Gomes"]
[Result "1-0"]
[WhiteElo "2194"]
[BlackElo "1835"]
[PlyCount "51"]
[EventDate "2013.06.06"]
[EventType "swiss"]
[EventRounds "7"]
[EventCountry "BRA"]
[SourceTitle "EXT 2014"]
[Source "ChessBase"]
[SourceDate "2013.11.20"]
[SourceVersion "1"]
[SourceVersionDate "2013.11.20"]
[SourceQuality "1"]

1. e4 c5 2. Nf3 d6 3. d4 cxd4 4. Nxd4 Nf6 5. Nc3 a6 6. Bg5 e6 7. f4 Be7 8. Qf3 Nbd7 9. Bd3 0-0 10. 0-0-0 h6 11. Bh4 b5 12. e5 Nd5 13. Nc6 Qe8 14. Nxe7+ Nxe7 15. Bxe7 d5 16. Bxf8 Qxf8 17. Ne4 Rb8 18. Nd6 Nb6 19. g4 Nc4 20. Bxc4 bxc4 21. g5 hxg5 22. fxg5 Qe7 23. Rhg1 g6 24. Rdf1 Bd7 25. h4 Rf8 26. h5 1-0

[Event "Cuiaba op"]
[Site "Cuiaba"]
[Date "2013.05.29"]
[Round "5"]
[White "Caetano, Hugo Zanotti Mendon"]
[Black "De Souza, Rafael Cabral"]
[Result "1-0"]
[WhiteElo "2150"]
[BlackElo "2182"]
[PlyCount "81"]
[EventDate "2013.05.27"]
[EventType "swiss"]
[EventRounds "7"]
[EventCountry "BRA"]
[SourceTitle "CBM 154 Extra"]
[Source "ChessBase"]
[SourceDate "2013.06.25"]
[SourceVersion "2"]
[SourceVersionDate "2013.06.25"]
[SourceQuality "1"]

1. d4 Nf6 2. c4 e6 3. Nf3 c5 4. e3 cxd4 5. exd4 Bb4+ 6. Bd2 Bxd2+ 7. Nbxd2 0-0 8. Bd3 d5 9. c5 Nc6 10. 0-0 Qc7 11. Bb5 Qf4 12. Bxc6 bxc6 13. Qe2 a5 14. Qe3 Qb8 15. Ne5 Ba6 16. Rfe1 Qc7 17. Qc3 Rab8 18. Re3 Rb4 19. a3 Rb5 20. Rg3 Rc8 21. Qf3 Qe7 22. b3 Nd7 23. Nxd7 Qxd7 24. Re1 Qe7 25. Qf4 Re8 26. Qh6 Qf8 27. h4 Kh8 28. Qf4 Rb7 29. h5 f6 30. Rge3 Rbe7 31. Qd6 Qf7 32. Qxc6 Bc8 33. Qb5 Ra7 34. c6 Rf8 35. Qc5 Kg8 36. b4 axb4 37. axb4 Ra2 38. Qc3 Qc7 39. b5 Qb6 40. Rb1 Rf7 41. Nf3 1-0

[Event "Manaus zt 2.4"]
[Site "Manaus"]
[Date "2013.05.03"]
[Round "9"]
[White "De Souza, Rafael Cabral"]
[Black "Gutierrez, Enrique Alberto Sot"]
[Result "1-0"]
[WhiteElo "2170"]
[BlackElo "1904"]
[PlyCount "79"]
[EventDate "2013.04.27"]
[EventType "swiss"]
[EventRounds "9"]
[EventCountry "BRA"]
[SourceTitle "CBM 154 Extra"]
[Source "ChessBase"]
[SourceDate "2013.06.25"]
[SourceVersion "2"]
[SourceVersionDate "2013.06.25"]
[SourceQuality "1"]

1. e4 c5 2. Nf3 Nc6 3. d4 cxd4 4. Nxd4 e5 5. Nb5 d6 6. Bc4 Be6 7. N5a3 a6 8. Nc3 b5 9. Bd5 Rc8 10. Ne2 Nf6 11. c4 b4 12. Nc2 a5 13. 0-0 Be7 14. f3 Bxd5 15. cxd5 Nb8 16. Ne3 Qb6 17. Kh1 g6 18. b3 0-0 19. Nc4 Qb5 20. Qd3 Nfd7 21. Bh6 Rfe8 22. Nxe5 Qxd3 23. Nxd3 Rc2 24. Nd4 Rc3 25. Rad1 Nc5 26. Nxc5 Rxc5 27. Bf4 Rec8 28. Kg1 Kf8 29. Rd2 Ke8 30. Kf2 Kd7 31. Rfd1 Kc7 32. Be3 Kb7 33. Nc6 R5xc6 34. dxc6+ Nxc6 35. Bf4 Na7 36. Bxd6 Bxd6 37. Rxd6 Nb5 38. Rd7+ Rc7 39. R1d5 Kc6 40. Rxc7+ 1-0

[Event "Serra Talhada op"]
[Site "Serra Talhada"]
[Date "2012.11.17"]
[Round "5"]
[White "De Souza, Rafael Cabral"]
[Black "Zallio, Luciano de Souza"]
[Result "1/2-1/2"]
[WhiteElo "2126"]
[BlackElo "2123"]
[PlyCount "130"]
[EventDate "2012.11.15"]
[EventType "swiss"]
[EventRounds "7"]
[EventCountry "BRA"]
[SourceTitle "CBM 151 Extra"]
[Source "ChessBase"]
[SourceDate "2012.12.18"]
[SourceVersion "1"]
[SourceVersionDate "2012.12.18"]
[SourceQuality "1"]

1. e4 c5 2. Nf3 d6 3. d4 cxd4 4. Nxd4 Nf6 5. Nc3 a6 6. Bg5 e6 7. f4 Be7 8. Qf3 Qc7 9. 0-0-0 Nbd7 10. Bd3 Nc5 11. Rhe1 Nxd3+ 12. Rxd3 0-0 13. Kb1 b5 14. e5 Bb7 15. Qg3 dxe5 16. fxe5 Ne8 17. Nce2 Bxg5 18. Qxg5 Qa5 19. Rf1 Bd5 20. Ra3 Qb4 21. Rg3 Rc8 22. Rd1 f6 23. exf6 Rxf6 24. Nf4 Rc5 25. a3 Qa4 26. Nb3 Qxb3 27. cxb3 Be4+ 28. Nd3 Rxg5 29. Rxg5 Rf1 30. Rxf1 Bxd3+ 31. Kc1 Bxf1 32. Kd2 b4 33. a4 Nd6 34. Rg4 a5 35. Ke1 Ba6 36. Rd4 Nb7 37. Rd7 Kf8 38. Rc7 Nd8 39. Rd7 Nb7 40. Rc7 Nd8 41. Kf2 Bb7 42. Rd7 Ke8 43. Rxg7 Be4 44. Rc7 h5 45. Rc5 Nc6 46. Rxh5 Bd5 47. Rh8+ Kd7 48. h4 Bxb3 49. h5 Ke7 50. Rc8 Ne5 51. Ra8 Nd3+ 52. Ke3 Nxb2 53. h6 Bc2 54. h7 Bxh7 55. Ra7+ Kf6 56. Rxh7 Nxa4 57. Kd3 Nb2+ 58. Kc2 Nc4 59. Kb3 Nd2+ 60. Ka4 b3 61. Ka3 e5 62. Rd7 Ne4 63. Ra7 Nd2 64. Rd7 Ne4 65. Ra7 Nd2 1/2-1/2

[Event "Serra Talhada op"]
[Site "Serra Talhada"]
[Date "2012.11.15"]
[Round "1"]
[White "De Souza, Rafael Cabral"]
[Black "Caio, Francisco Ferreira"]
[Result "1-0"]
[WhiteElo "2126"]
[BlackElo "1669"]
[PlyCount "63"]
[EventDate "2012.11.15"]
[EventType "swiss"]
[EventRounds "7"]
[EventCountry "BRA"]
[SourceTitle "CBM 151 Extra"]
[Source "ChessBase"]
[SourceDate "2012.12.18"]
[SourceVersion "1"]
[SourceVersionDate "2012.12.18"]
[SourceQuality "1"]

1. e4 c5 2. Nf3 Nc6 3. d4 cxd4 4. Nxd4 a6 5. c4 g6 6. Nc3 Bg7 7. Be3 Nf6 8. Be2 0-0 9. 0-0 d6 10. Nc2 Nd7 11. Qd2 Nc5 12. Nd4 Ne6 13. Nxe6 Bxe6 14. f4 f5 15. exf5 Bxf5 16. Nd5 Be6 17. Bb6 Qd7 18. Bf3 Rf7 19. Nc7 Bd4+ 20. Kh1 Bxb6 21. Nxa8 Ba7 22. Bd5 Bxd5 23. cxd5 Qd8 24. dxc6 bxc6 25. Qe2 Qxa8 26. Qxa6 c5 27. Rac1 Qb8 28. b4 Kg7 29. b5 Bb6 30. a4 Qd8 31. Ra1 c4 32. a5 1-0

[Event "Serra Talhada op"]
[Site "Serra Talhada"]
[Date "2012.11.15"]
[Round "2"]
[White "Mateus, Janete de Alcantara"]
[Black "De Souza, Rafael Cabral"]
[Result "0-1"]
[WhiteElo "1876"]
[BlackElo "2126"]
[PlyCount "68"]
[EventDate "2012.11.15"]
[EventType "swiss"]
[EventRounds "7"]
[EventCountry "BRA"]
[SourceTitle "CBM 151 Extra"]
[Source "ChessBase"]
[SourceDate "2012.12.18"]
[SourceVersion "1"]
[SourceVersionDate "2012.12.18"]
[SourceQuality "1"]

1. c4 Nf6 2. Nc3 c5 3. g3 g6 4. Bg2 Bg7 5. Nf3 0-0 6. 0-0 Nc6 7. d3 d6 8. Bd2 Rb8 9. Rb1 a6 10. e3 Bg4 11. a3 Ne5 12. Bc1 Nfd7 13. Ne4 b5 14. h3 Nxf3+ 15. Bxf3 Bxh3 16. Bg2 Bf5 17. g4 Bxe4 18. Bxe4 e6 19. Kg2 f5 20. Bf3 Ne5 21. cxb5 axb5 22. Rh1 fxg4 23. Be2 Qf6 24. Qf1 c4 25. dxc4 Qf5 26. Bd2 Qe4+ 27. Kg1 bxc4 28. Rd1 Rb5 29. Bc1 Nf3+ 30. Bxf3 gxf3 31. Rh3 Rg5+ 32. Kh1 Rg2 33. Rh2 Rxh2+ 34. Kxh2 Qh4+ 0-1

[Event "BRA-ch sf-B"]
[Site "Fortaleza"]
[Date "2012.11.02"]
[Round "4"]
[White "Pinheiro, Iung Alicio"]
[Black "De Souza, Rafael Cabral"]
[Result "1-0"]
[WhiteElo "2311"]
[BlackElo "2126"]
[PlyCount "75"]
[EventDate "2012.11.01"]
[EventType "swiss"]
[EventRounds "8"]
[EventCountry "BRA"]
[SourceTitle "EXT 2013"]
[Source "ChessBase"]
[SourceDate "2012.11.22"]
[SourceVersion "1"]
[SourceVersionDate "2012.11.22"]
[SourceQuality "1"]

1. e4 c5 2. Nf3 Nc6 3. Bb5 Nd4 4. Nxd4 cxd4 5. 0-0 e6 6. c4 dxc3 7. dxc3 Qc7 8. Qe2 Bd6 9. Kh1 a6 10. Bd3 Ne7 11. f4 Nc6 12. Be3 b5 13. Nd2 Bb7 14. Qg4 Bf8 15. a4 b4 16. Nc4 d6 17. Qh3 Rb8 18. Bb6 Qd7 19. Qg3 g6 20. Rad1 bxc3 21. bxc3 Be7 22. f5 e5 23. fxg6 hxg6 24. Be2 Qe6 25. Bc7 Ra8 26. Nb6 Bh4 27. Qf3 0-0 28. Bc4 Qe8 29. Qg4 g5 30. Rxd6 Ne7 31. Qh5 Bxe4 32. Rh6 Kg7 33. Rh8 Bxg2+ 34. Kg1 Rxh8 35. Rxf7+ Qxf7 36. Qxf7+ Kh6 37. Nxa8 Bxa8 38. Qxe7 1-0

[Event "BRA-ch sf-B"]
[Site "Fortaleza"]
[Date "2012.11.02"]
[Round "3"]
[White "Silveira, Leonardo Eleuterio"]
[Black "De Souza, Rafael Cabral"]
[Result "0-1"]
[WhiteElo "2200"]
[BlackElo "2126"]
[PlyCount "138"]
[EventDate "2012.11.01"]
[EventType "swiss"]
[EventRounds "8"]
[EventCountry "BRA"]
[SourceTitle "EXT 2013"]
[Source "ChessBase"]
[SourceDate "2012.11.22"]
[SourceVersion "1"]
[SourceVersionDate "2012.11.22"]
[SourceQuality "1"]

1. d4 Nf6 2. c4 e6 3. Nc3 Bb4 4. a3 Bxc3+ 5. bxc3 b6 6. Nf3 0-0 7. Bg5 Bb7 8. e3 h6 9. Bh4 d6 10. Bd3 Nbd7 11. Qc2 Re8 12. 0-0 c5 13. a4 e5 14. Bf5 Nf8 15. Rfd1 Qe7 16. a5 g6 17. dxe5 dxe5 18. Bxf6 Qxf6 19. Be4 Rab8 20. Bxb7 Rxb7 21. Qe4 Rbe7 22. axb6 axb6 23. Rd5 Qc6 24. Qh4 Kg7 25. Rad1 Re6 26. Qg3 Qa4 27. Nh4 Kh7 28. Qg4 Qc2 29. Qf3 Kg7 30. e4 Rf6 31. Qg3 Qxe4 32. Nf3 Rfe6 33. Nd2 Qe2 34. Rf1 R8e7 35. h3 Rd7 36. Qe3 Qxe3 37. fxe3 e4 38. Rf4 Rde7 39. g4 Nd7 40. Kf2 Kf8 41. Kg3 Ke8 42. h4 Nf6 43. Rf1 Nxd5 44. cxd5 Rd6 45. c4 b5 46. cxb5 Rxd5 47. Nc4 Rd3 48. Rc1 g5 49. b6 Kd8 50. hxg5 hxg5 51. Rb1 Kc8 52. Kf2 Kb8 53. Na5 Re6 54. b7 Rf6+ 55. Ke2 Ra3 56. Nc4 Ra2+ 57. Ke1 Rh6 58. Nd2 Rh1+ 59. Nf1 Rc2 60. Rd1 f6 61. Rb1 c4 62. Rd1 Kxb7 63. Ra1 Kb6 64. Rd1 Kc5 65. Ra1 c3 66. Rb1 Kc4 67. Ra1 Kd3 68. Rd1+ Rd2 69. Ra1 Re2+ 0-1

[Event "BRA-chT U26"]
[Site "Foz do Iguacu"]
[Date "2012.10.19"]
[Round "3"]
[White "Da Silva Borges, Rodrigo"]
[Black "De Souza, Rafael Cabral"]
[Result "1/2-1/2"]
[WhiteElo "2198"]
[BlackElo "2122"]
[PlyCount "88"]
[EventDate "2012.10.18"]
[EventType "team-swiss"]
[EventRounds "7"]
[EventCountry "BRA"]
[SourceTitle "EXT 2013"]
[Source "ChessBase"]
[SourceDate "2012.11.22"]
[SourceVersion "1"]
[SourceVersionDate "2012.11.22"]
[SourceQuality "1"]

1. e4 c5 2. Nf3 Nc6 3. d4 cxd4 4. Nxd4 g6 5. c4 Bg7 6. Nc2 d6 7. Be2 Nf6 8. Nc3 0-0 9. 0-0 Nd7 10. Bd2 Nc5 11. b4 Ne6 12. Rb1 Ned4 13. Nxd4 Nxd4 14. Bd3 f5 15. exf5 Bxf5 16. Bxf5 Rxf5 17. Nd5 e6 18. Ne3 Rf7 19. Kh1 Qh4 20. Qg4 Qxg4 21. Nxg4 h5 22. Ne3 Bh6 23. Rbd1 Rc8 24. Bc3 Bxe3 25. Bxd4 Bxd4 26. Rxd4 d5 27. cxd5 Rxf2 28. Kg1 Rxf1+ 29. Kxf1 Rd8 30. Rc4 Rf8+ 31. Ke2 exd5 32. Rc7 Rf7 33. Rc8+ Kg7 34. Rd8 Re7+ 35. Kd3 Kf6 36. Rxd5 Re1 37. Kc2 Re2+ 38. Rd2 Rxd2+ 39. Kxd2 Ke5 40. Ke3 g5 41. a4 Kd5 42. Kd3 b6 43. b5 Ke5 44. Ke3 Kd5 1/2-1/2

[Event "BRA-chT U26"]
[Site "Foz do Iguacu"]
[Date "2012.10.18"]
[Round "1"]
[White "De Souza, Rafael Cabral"]
[Black "Cabral Filho, Valberto Alves"]
[Result "1-0"]
[WhiteElo "2122"]
[BlackElo "1817"]
[PlyCount "65"]
[EventDate "2012.10.18"]
[EventType "team-swiss"]
[EventRounds "7"]
[EventCountry "BRA"]
[SourceTitle "EXT 2013"]
[Source "ChessBase"]
[SourceDate "2012.11.22"]
[SourceVersion "1"]
[SourceVersionDate "2012.11.22"]
[SourceQuality "1"]

1. e4 c6 2. d4 d5 3. exd5 cxd5 4. Bd3 Nf6 5. c3 Nc6 6. Ne2 e6 7. Bg5 h6 8. Bh4 Be7 9. Nd2 e5 10. dxe5 Nxe5 11. Bc2 Qb6 12. Nb3 0-0 13. Bxf6 Bxf6 14. Qxd5 Rd8 15. Qe4 g6 16. Qf4 Bg7 17. 0-0 Be6 18. Ned4 Bd5 19. Rfe1 Nc4 20. Rab1 Re8 21. Be4 Be5 22. Qf3 Bxe4 23. Rxe4 a5 24. Qe2 f5 25. Qxc4+ Kh7 26. Qf7+ Kh8 27. Re3 Rf8 28. Qd5 Bf4 29. Re6 Qc7 30. Rxg6 Bxh2+ 31. Kh1 Qf4 32. Nf3 Rg8 33. g3 1-0

[Event "Maringa op 2nd"]
[Site "Maringa"]
[Date "2012.08.11"]
[Round "7"]
[White "Ribeiro, Sheridan Luiz Telle"]
[Black "De Souza, Rafael Cabral"]
[Result "0-1"]
[WhiteElo "2064"]
[BlackElo "1850"]
[PlyCount "154"]
[EventDate "2012.08.08"]
[EventType "swiss"]
[EventRounds "9"]
[EventCountry "BRA"]
[SourceTitle "CBM 149 Extra"]
[Source "ChessBase"]
[SourceDate "2012.08.24"]
[SourceVersion "1"]
[SourceVersionDate "2012.08.24"]
[SourceQuality "1"]

1. c4 Nf6 2. g3 g6 3. Bg2 Bg7 4. Nc3 c5 5. e3 0-0 6. Nge2 Nc6 7. 0-0 d6 8. a3 Be6 9. d3 Rc8 10. Nf4 Bd7 11. Rb1 b6 12. Qe2 Re8 13. b4 h5 14. Ncd5 Bg4 15. f3 Bd7 16. b5 Na5 17. Bd2 Nb7 18. Nxf6+ Bxf6 19. Nd5 Bg7 20. f4 e6 21. Nc3 Qc7 22. Qf3 Rb8 23. e4 Qd8 24. e5 Qe7 25. Rbe1 Red8 26. h4 Be8 27. f5 exf5 28. Bg5 Qd7 29. exd6 Bxc3 30. Re7 Qxd6 31. Rxb7 Rxb7 32. Qxb7 Bf6 33. Bf4 Qe7 34. Qxe7 Bxe7 35. Re1 Bf6 36. Bb7 Kf8 37. Bh6+ Kg8 38. a4 Bd7 39. Bd5 Kh7 40. Bd2 Kg7 41. a5 Bxb5 42. axb6 axb6 43. Rb1 Ba4 44. Rxb6 Rd7 45. Kf2 Bc2 46. Be3 Bxd3 47. Bxc5 Rc7 48. Rb7 Rxb7 49. Bxb7 Bxc4 50. Be3 Bd3 51. Bd5 Be4 52. Bc4 Be5 53. Bb3 Bc6 54. Bc4 Bd7 55. Ba6 Be6 56. Bb5 Bd5 57. Bd7 f6 58. Be8 Bd6 59. Bd4 f4 60. gxf4 Bxf4 61. Bc3 Be4 62. Bb4 Bf5 63. Kf3 Be5 64. Be7 Bg4+ 65. Kf2 Bf4 66. Kg2 g5 67. hxg5 fxg5 68. Kf2 h4 69. Bc6 Kf7 70. Bc5 Be6 71. Be3 Bxe3+ 72. Kxe3 Kf6 73. Kf3 Ke5 74. Bb5 g4+ 75. Kf2 Kf4 76. Kg1 Bd5 77. Bd7 Kg3 0-1

[Event "Paraiban-ch op"]
[Site "Joao Pessoa"]
[Date "2012.08.05"]
[Round "5"]
[White "De Souza, Rafael Cabral"]
[Black "Reis, Paulo F Jatoba"]
[Result "1/2-1/2"]
[WhiteElo "2098"]
[BlackElo "2410"]
[PlyCount "121"]
[EventDate "2012.08.03"]
[EventType "swiss"]
[EventRounds "6"]
[EventCountry "BRA"]
[SourceTitle "EXT 2014"]
[Source "ChessBase"]
[SourceDate "2013.11.20"]
[SourceVersion "1"]
[SourceVersionDate "2013.11.20"]
[SourceQuality "1"]

1. e4 e6 2. d4 d5 3. Nc3 Bb4 4. e5 Ne7 5. a3 Bxc3+ 6. bxc3 b6 7. Nh3 Ng6 8. Bb5+ c6 9. Bd3 Ba6 10. 0-0 Bxd3 11. Qxd3 Qc8 12. f4 Ne7 13. a4 Qa6 14. Qf3 h5 15. Nf2 Qc4 16. Nd1 c5 17. Nb2 Qa6 18. Nd1 Nbc6 19. Bb2 Na5 20. Ne3 Nc4 21. Qe2 Rc8 22. f5 cxd4 23. cxd4 Qa5 24. Nxc4 Rxc4 25. fxe6 fxe6 26. c3 Rxa4 27. Qc2 Rxa1 28. Rxa1 Qb5 29. Rxa7 0-0 30. Ra1 Nf5 31. Qd2 Kh7 32. Qc2 Rf7 33. Qd2 g6 34. Re1 Ra7 35. Bc1 Ra1 36. Rf1 Qb1 37. Re1 Ra2 38. Qf4 Qc2 39. Qf3 Kg8 40. Rf1 Kf7 41. Bf4 Ke8 42. Bg5 Kd7 43. Re1 Qb2 44. h4 Kc6 45. c4 Qxd4+ 46. Kh1 Kd7 47. cxd5 exd5 48. Rd1 Ra1 49. Bc1 Qxh4+ 50. Kg1 d4 51. Qd5+ Ke8 52. Qg8+ Ke7 53. Bg5+ Qxg5 54. Rxa1 Qe3+ 55. Kh1 Qxe5 56. Qxg6 Ng3+ 57. Kg1 Ne2+ 58. Kh1 Ng3+ 59. Kg1 Ne2+ 60. Kh1 Ng3+ 61. Kg1 1/2-1/2

[Event "Paraiban-ch op"]
[Site "Joao Pessoa"]
[Date "2012.08.04"]
[Round "3"]
[White "Cavalcanti, Francisco de Assis"]
[Black "De Souza, Rafael Cabral"]
[Result "1/2-1/2"]
[WhiteElo "2290"]
[BlackElo "2098"]
[PlyCount "61"]
[EventDate "2012.08.03"]
[EventType "swiss"]
[EventRounds "6"]
[EventCountry "BRA"]
[SourceTitle "EXT 2014"]
[Source "ChessBase"]
[SourceDate "2013.11.20"]
[SourceVersion "1"]
[SourceVersionDate "2013.11.20"]
[SourceQuality "1"]

1. d4 Nf6 2. c4 e6 3. Nf3 b6 4. g3 Ba6 5. Qa4 c6 6. Nc3 Be7 7. Bg2 0-0 8. Bf4 Bb7 9. 0-0 d5 10. Rfd1 Nbd7 11. Rac1 a6 12. cxd5 b5 13. Qb3 cxd5 14. a4 Bc6 15. axb5 axb5 16. Na2 Qb6 17. Nb4 Rfc8 18. Nxc6 Rxc6 19. Rxc6 Qxc6 20. Rc1 Qa6 21. Bf1 Qa4 22. Qxa4 bxa4 23. Rc7 a3 24. bxa3 Bxa3 25. g4 Nb6 26. Ng5 Ne8 27. Rb7 Nc4 28. Kg2 Ned6 29. Rb1 Ne4 30. Rb8+ Rxb8 31. Bxb8 1/2-1/2